Na cestě ke cloudu. Jaké legislativní povinnosti očekávat?

Počas mája 2022 došlo na európskej úrovni v rámci trialógu k predbežnej zhode, ako by malo vyzerať nové európske nariadenie o digitálnej prevádzkovej odolnosti (DORA), ktoré má zaistiť IT bezpečnosť finančných inštitúcií vrátane poisťovní. Ako ale do doby jeho účinnosti nastaviť využívanie cloudovýc...

Descrizione completa

Salvato in:
Dettagli Bibliografici
Autore principale: Lichnovský, Bohuslav
Altri autori: Hrdličková, Klára, Kasalický, Tomáš
Natura: Capitolo di libro
Lingua:ceco
Soggetti:
Tags: Aggiungi Tag
Nessun Tag, puoi essere il primo ad aggiungerne!!

MARC

LEADER 00000naa a2200000 4500
001 0298448
005 20240417075259.7
041 0 |a cze 
044 |a CZ 
245 1 0 |a Na cestě ke cloudu. Jaké legislativní povinnosti očekávat?  |c Bohuslav Lichnovský, Klára Hrdličková, Tomáš Kasalický 
520 |a Počas mája 2022 došlo na európskej úrovni v rámci trialógu k predbežnej zhode, ako by malo vyzerať nové európske nariadenie o digitálnej prevádzkovej odolnosti (DORA), ktoré má zaistiť IT bezpečnosť finančných inštitúcií vrátane poisťovní. Ako ale do doby jeho účinnosti nastaviť využívanie cloudových služieb v poisťovníctve? 
610 2 0 |a bezpečnosť kybernetická 
610 2 0 |a cloud computing 
610 2 0 |a inštitúcie finančné 
610 2 0 |a poisťovne 
610 2 0 |a digitalizácia 
610 2 0 |a legislatíva 
100 1 |a Lichnovský, Bohuslav 
700 1 |a Hrdličková, Klára 
700 1 |a Kasalický, Tomáš